<?xml version="1.0" encoding="UTF-8"?>
<record
    xmlns:xsi="http://www.w3.org/2001/XMLSchema-instance"
    xsi:schemaLocation="http://www.loc.gov/MARC21/slim http://www.loc.gov/standards/marcxml/schema/MARC21slim.xsd"
    xmlns="http://www.loc.gov/MARC21/slim">

  <leader>00626nam a22001937a 4500</leader>
  <datafield tag="999" ind1=" " ind2=" ">
    <subfield code="c">166696</subfield>
    <subfield code="d">166696</subfield>
  </datafield>
  <controlfield tag="005">20190805143833.0</controlfield>
  <datafield tag="010" ind1=" " ind2=" ">
    <subfield code="a">UR-10341</subfield>
  </datafield>
  <datafield tag="020" ind1=" " ind2=" ">
    <subfield code="c">200.00</subfield>
    <subfield code="a">9789388356374</subfield>
  </datafield>
  <datafield tag="035" ind1=" " ind2=" ">
    <subfield code="a">U-8896</subfield>
  </datafield>
  <datafield tag="037" ind1=" " ind2=" ">
    <subfield code="b">DBAD/PUB</subfield>
  </datafield>
  <datafield tag="082" ind1=" " ind2=" ">
    <subfield code="a">&#x646;</subfield>
  </datafield>
  <datafield tag="100" ind1=" " ind2=" ">
    <subfield code="a">&#x627; &#x646;&#x648; &#x627; &#x631; &#x627; &#x644;&#x62D;&#x642; </subfield>
  </datafield>
  <datafield tag="245" ind1=" " ind2=" ">
    <subfield code="a">&#x634;&#x628; &#x627; &#x646;&#x62A;&#x638;&#x627; &#x631; &#x6AF;&#x632; &#x631; &#x6CC; &#x6C1;&#x6D2; </subfield>
    <subfield code="c">&#x627; &#x646;&#x648; &#x627; &#x631; &#x627; &#x644;&#x62D;&#x642; </subfield>
  </datafield>
  <datafield tag="246" ind1=" " ind2=" ">
    <subfield code="b">Shabe Intezar Guzri hai (Urdu)</subfield>
    <subfield code="a">by Anwarul Haque</subfield>
  </datafield>
  <datafield tag="260" ind1=" " ind2=" ">
    <subfield code="a">Delhi</subfield>
    <subfield code="b">Educational Publishing House </subfield>
    <subfield code="c">2018 &#x621;  </subfield>
  </datafield>
  <datafield tag="270" ind1=" " ind2=" ">
    <subfield code="a">3191,Vakil Sreet Kucha Pandit Lal Kuan </subfield>
    <subfield code="b">Delhi</subfield>
    <subfield code="e">110006</subfield>
    <subfield code="k">23216162</subfield>
    <subfield code="l">-</subfield>
  </datafield>
  <datafield tag="300" ind1=" " ind2=" ">
    <subfield code="a">188 &#x635;</subfield>
    <subfield code="c">22 Cm(Hb)</subfield>
  </datafield>
  <datafield tag="942" ind1=" " ind2=" ">
    <subfield code="2">ddc</subfield>
    <subfield code="c">UR</subfield>
    <subfield code="h">&#x646;</subfield>
    <subfield code="m">&#x627; &#x646; &#x648; </subfield>
  </datafield>
  <datafield tag="952" ind1=" " ind2=" ">
    <subfield code="0">0</subfield>
    <subfield code="1">0</subfield>
    <subfield code="4">0</subfield>
    <subfield code="7">1</subfield>
    <subfield code="8">FIC</subfield>
    <subfield code="a">DBAD</subfield>
    <subfield code="b">DBAD</subfield>
    <subfield code="d">2019-08-05</subfield>
    <subfield code="e">DBAD/PUB</subfield>
    <subfield code="g">200.00</subfield>
    <subfield code="l">0</subfield>
    <subfield code="o">&#x646; &#x627; &#x646; &#x648;</subfield>
    <subfield code="p">U-8896</subfield>
    <subfield code="r">2019-08-05 00:00:00</subfield>
    <subfield code="t">1</subfield>
    <subfield code="v">20000.00</subfield>
    <subfield code="w">2019-08-05</subfield>
    <subfield code="y">UR</subfield>
  </datafield>
</record>
